Statistiques concernant Les 20 plus grandes villes danoises

Cliquez ici pour prendre le quiz!

Statistiques générales

  • Ce quiz a été pris 24 fois
  • Le résultat moyen est 5 sur 20

Statistiques - réponses

IndiceRéponse% Correct
1 295 686Copenhague
100%
176 683Odense
81%
113 417Aalborg
71%
269 022Aarhus
62%
50 393Roskilde
29%
72 261Esbjerg
24%
55 876Vejle
24%
40 461Fredericia
19%
58 480Horsens
14%
60 300Kolding
14%
62 563Randers
14%
44 333Silkeborg
14%
49 229Herning
10%
36 864Køge
10%
34 154Taastrup
10%
40 371Viborg
10%
47 123Elsinore
5%
35 867Holstebro
5%
47 294Hørsholm
5%
43 234Næstved
5%

Distribution des résultats

Percentile par nombre de réponses

% des personnes avec chaque résultat

Votre développement - résultats

Vous n’avez pas pris ce quiz